| 000 | 00402nam a2200133Ia 4500 | ||
|---|---|---|---|
| 008 | 200922s9999 xx 000 0 und d | ||
| 020 | _a978-971-9676-97-3 | ||
| 100 | _aMaglaya, Rommel | ||
| 245 |
_cRommel Maglaya _aOral communication in context/ |
||
| 260 |
_aManila: _bJimczyville Publications _c2018 |
||
| 300 |
_aviii, 158 pages _c23 cm. |
||
| 650 | _aOral communication | ||
| 650 | _aPublic speaking | ||
| 999 |
_c364397 _d364397 |
||